|
|
|
|
| LEADER |
00634nam a22001577a 4500 |
| 020 |
|
|
|a 978120040250
|
| 082 |
|
|
|a M891.2
|b BAL/S
|
| 100 |
|
|
|a ബാലകൃഷ്ണൻ,ബി.സി.
|
| 245 |
|
|
|a സംസ്കൃത സ്വാധീനം മലയാള ഭാഷയിൽ
|
| 260 |
|
|
|a Thiruvananthapuram
|b Kerala Bhasha Institute
|c 2016
|
| 300 |
|
|
|a 312p.
|
| 650 |
|
|
|a Samskritha swadheenam malayala bhashayil
|
| 700 |
|
|
|a Balakrishnan, B.C.
|
| 942 |
|
|
|c BK
|
| 999 |
|
|
|c 43848
|d 43848
|
| 952 |
|
|
|0 0
|1 0
|4 0
|6 M_891_200000000000000_BALS
|7 0
|8 Stack
|9 47805
|a KUCL
|b KUCL
|c Stack
|d 2017-07-12
|g 175.00
|l 0
|o M891.2 BAL/S
|p 44701
|r 2017-07-12
|w 2017-07-12
|y BK
|